000
00345nam a2200145Ia 4500
008
231217s9999 xx 000 0 und d
041
_a
English
082
_a
005.4469 SCH
100
_a
Schildt, Herbert
245
0
_a
Dos made easy
260
_c
NULL
_b
Osborne, California
300
_a
xi+286
650
_a
Operating systems
942
_c
AA
999
_c
160854
_d
160854